000 00581ntaaa2200193 4500
003 01
005 20251027202615.0
008 0714s1973 ag 01
040 _aAR-BaBN
_bspa
_cAR-BaBN
_eaacr
_dRIC
082 _a370.0000 D51
100 _aDewey, John
_97046
245 _aDemocracy and education
250 _a1 ed.
260 _aNew York :
_bThe Macmillan Company,
_c1916
300 _axii, 434 p
500 _aUna introducción a la filosofía de educación.La biblioteca posee esta obra escrita en español: "Democracia y Educación".
650 _aeducación
942 _cBK
999 _c21210
_d21210